Normal view
MARC view
Entry Uniform Title
001 - CONTROL NUMBER
- control field: 10663
003 - CONTROL NUMBER IDENTIFIER
- control field: BD-RjUL
005 - DATE AND TIME OF LATEST TRANSACTION
- control field: 20231224104017.0
008 - FIXED-LENGTH DATA ELEMENTS
- fixed length control field: 231224|| aca||aabn | a|a d
040 ## - CATALOGING SOURCE
- Original cataloging agency: BD-RjUL
- Transcribing agency: BD-RjUL
130 ## - HEADING--UNIFORM TITLE
- Uniform title: Dabistān
670 ## - SOURCE DATA FOUND
- Source citation: Work cat.: (BD-RjUL)82526: كشميري، محسن فانى ;; Kashmiri, Mohsin Fani 10662, دبستان مذاهب ;; Dabistān-i maz̲āhib /, 1362 [1983]